000 00531nam a22001697a 4500
003 SISC
005 20160712111656.0
008 160707b xxu||||| |||| 00| 0 eng d
020 _a9780199138784
050 _aQD 33 .G162 2011
245 _aComplete chemistry for Cambridge IGCSE /
_cGallagher, RoseMarie [and] Ingram, Paul.
250 _a2nd ed.
260 _aOxford :
_bOxford University Press,
_c2011.
300 _a320 p. :
_bcol. ill. ;
_c28 cm.
650 _aChemistry--Examinations--Study guide.
942 _2lcc
_cBK
999 _c296216
_d296216